000
00278nam a22001337a 4500
003
SGT
082
_a
370
_b
G16S
100
_a
SHARMA, R.S.
245
_a
GANIT SARAL SAMIKARAN
260
_a
NEW DELHI
_b
INDIAN PUB
_c
2016
300
_a
208
650
_a
EDUCATION
942
_2
ddc
_c
BK
999
_c
12152
_d
12152